| 000 | 00000nam 2200000za 4500 |
| 001 | 9.629253 |
| 003 | CaOODSP |
| 005 | 20221107134215 |
| 007 | cr ||||||||||| |
| 008 | 150406s2015 xxc|||||o f|0| 0 fre d |
| 020 | |a978-0-660-22706-1 |
| 040 | |aCaOODSP|bfre |
| 043 | |an-cn--- |
| 086 | 1 |aCS91-520/2014F-PDF |
| 100 | 1 |aBohnert, Nora. |
| 245 | 10|aProjections démographiques pour le Canada (2013 à 2063), les provinces et les territoires (2013 à 2038) |h[ressource électronique] / |cpar Nora Bohnert, Jonathan Chagnon et Patrice Dion. |
| 260 | |aOttawa : |bStatistique Canada, |cc2015 |
| 300 | |aiv, 52 p. : |btableaux, graphiques, glossaire. |
| 490 | 1 |aProjections démographiques pour le Canada, les provinces et les territoires |
| 500 | |aDate de diffusion : le 26 mai 2015. |
| 500 | |aPublié aussi en anglais sous le titre : Population projections for Canada (2013 to 2063), provinces and territories (2013 to 2038). |
| 691 | 07|aPopulation|2gcpds |
| 700 | 1 |aDion, Patrice. |
| 700 | 1 |aChagnon, Jonathan. |
| 710 | 1 |aCanada.|bStatistique Canada. |bDirection de la statistique démographique et du recensement. |
| 775 | 08|tPopulation projections for Canada (2013 to 2063), provinces and territories (2013 to 2038) |w(CaOODSP)9.557200 |
| 794 | |tProjections démographiques pour le Canada (2018 à 2068), les provinces et les territoires (2018 à 2043).|w(CaOODSP)9.874521 |
| 830 | #0|aProjections démographiques pour le Canada, les provinces et les territoires.|w(CaOODSP)9.501810 |
| 856 | 40|qPDF|s2.90 Mo|uhttps://publications.gc.ca/collections/collection_2015/statcan/91-520-x2014001-fra.pdf |